• 首页
  • 本馆介绍
  • 公告通知
  • 最新文献
  • 馆藏检索
  • 电子资源
  • 读者导购
  • 参考咨询
  • 我的图书馆
  • 登录
  • 期刊详细显示
  • 现刊情况显示
  • 合订本情况显示
  • 篇目信息显示

期刊信息

  • 表格格式
  • 工作单格式
  • 卡片格式
索取号 
TN2/FGXB
题名 
发光学报
作者 
分册号 
分册名 
出版地 
长春
出版者 
该刊编辑部
标准刊号 
1000-7032
出版频率 
季刊
中图法分类 
O482.3
主题词 
光电子技术; 激光技术
电子资源 
000 01264nas0 2200421 45
001 1196120101
005 20070415084339.00
011    @a1000-7032@d¥3.60(1996)
021    @a吉林12
091    @aCN@b22-1116
092    @aCN@b8-173
100    @a19960116a19869999k y0chiy0110 eb
101 0  @achi@deng
102    @aCN@b220000
110    @aahaz 0yy0
200 1  @a发光学报@AFa Guang Xue Bao@dChinese journal of luminescence@zeng
207  0 @aV.7,no.1(1986,3)~
210    @a长春@b吉林省长春市新民大街13号(邮码130021)@c该刊编辑部@d1986~
215    @c插图@d26cm
326    @a季刊
430  1 @12001 @a发光与显示
510 1  @aChinese journal of luminescence@zeng
530 0  @a发光学报@AFa Guang Xue Bao
540 1  @a发光 学报@AFa Guang Xue Bao
606 0  @a光电子技术
606 0  @a激光技术
610 0  @a发光学
676    @a535.35@v19
690    @aO482.3@v3
690    @aTN2@v3
690    @aO43@v3
690    @aTB133@v3
690    @aTN2@v4
701  0 @a徐叙=@AXu Xu =@4主编
711 02 @a中国科学院长春物理研究所@AZhong Guo Ke Xue Yuan Chang Chun Wu Li Yan Jiu Suo@4主办
711 02 @a中国物理学会发光分科学会@AZhong Guo Wu Li Xue Hui Fa Guang Fen Ke Xue Hui@4主办
801  0 @bPFT@c20070415
905    @a1@cQ@dTN2@eFGXB
    
    发光学报=Chinese journal of luminescence.-V.7,no.1(1986,3)~.-长春(吉林省长春市新民大街13号(邮码130021)):该刊编辑部,1986~
    插图;26cm
    继承:.-←识别题名:发光学报
    
    ISSN 1000-7032:¥3.60(1996)
    
●
相关链接: 在易读查询期刊 在中国知网中查询期刊 在万方数据查询期刊 在维普查询期刊
唐山师范学院图书馆 欢迎您!
大连网信软件有限公司© 版权所有